[Event "CZE-chT1E 2122"]
[Site "Czech Republic"]
[Date "2022.01.23"]
[Round "7.5"]
[White "Piza, Vlastimil"]
[Black "Sramek, Vojtech"]
[Result "0-1"]
[WhiteElo "2250"]
[BlackElo "2208"]
[PlyCount "138"]
[EventDate "2021.10.09"]
[EventType "team-tourn"]
[EventRounds "11"]
[EventCountry "CZE"]
[SourceTitle "EXT 2023"]
[Source "ChessBase"]
[SourceDate "2022.10.05"]
[SourceVersion "1"]
[SourceVersionDate "2022.10.05"]
[SourceQuality "1"]
[WhiteTeam "Gordic"]
[BlackTeam "Orlova Slavia"]
[WhiteTeamCountry "CZE"]
[BlackTeamCountry "CZE"]

1. e4 c5 2. Nf3 d6 3. d4 cxd4 4. Nxd4 Nf6 5. Nc3 g6 6. Bc4 Bg7 7. 0-0 0-0 8. Bb3 Nc6 9. Re1 Na5 10. h3 Nxb3 11. axb3 b6 12. Bg5 Bb7 13. Qd2 a6 14. Rad1 Rc8 15. Bh6 Qc7 16. Bxg7 Kxg7 17. Qg5 e6 18. Rd3 h6 19. Qd2 b5 20. b4 Qc4 21. Nb3 Qxb4 22. Rxd6 Rc4 23. e5 Nd5 24. Nxd5 Bxd5 25. Qxb4 Rxb4 26. Rxa6 Rc8 27. Re2 Bxb3 28. cxb3 Rxb3 29. Rd6 Rc1+ 30. Kh2 Rc4 31. g3 Rcb4 32. Rdd2 g5 33. Kg2 Kg6 34. Rc2 Rd4 35. Red2 Rdb4 36. Re2 h5 37. Red2 Kg7 38. Re2 Kh7 39. Red2 Kg6 40. Re2 Rd3 41. Rcd2 Rxd2 42. Rxd2 Re4 43. Rd3 Rxe5 44. Rb3 Kf6 45. Rb4 Ke7 46. g4 h4 47. f4 gxf4 48. Kf3 Rc5 49. Kxf4 Kf6 50. Ke3 Kg5 51. Kd4 Rd5+ 52. Ke4 f6 53. Ke3 Re5+ 54. Kf3 f5 55. gxf5 exf5 56. Rd4 Rc5 57. Rd8 Rc2 58. Rg8+ Kf6 59. Rf8+ Kg6 60. Rg8+ Kf7 61. Rh8 Rxb2 62. Rxh4 Rb3+ 63. Kg2 b4 64. Rh6 Rd3 65. Rb6 b3 66. h4 Kg7 67. h5 Kh7 68. Rf6 Rd1 69. Rb6 Rb1 0-1

[Event "CZE-chT1E 1920"]
[Site "Czech Republic"]
[Date "2019.11.24"]
[Round "3.1"]
[White "Piza, Vlastimil"]
[Black "Neumann, Filip"]
[Result "1-0"]
[WhiteElo "2241"]
[BlackElo "2036"]
[PlyCount "83"]
[EventDate "2019.10.20"]
[EventType "team-tourn"]
[EventRounds "11"]
[EventCountry "CZE"]
[SourceTitle "CBM 193 Extra"]
[Source "ChessBase"]
[SourceDate "2020.01.31"]
[SourceVersion "1"]
[SourceVersionDate "2020.01.31"]
[SourceQuality "1"]
[WhiteTeam "Gordic"]
[BlackTeam "Ostrava"]
[WhiteTeamCountry "CZE"]
[BlackTeamCountry "CZE"]

1. e4 e5 2. Nf3 Nc6 3. Bb5 Nf6 4. d3 Bc5 5. 0-0 d6 6. c3 a6 7. Ba4 0-0 8. Nbd2 Ba7 9. h3 Ne7 10. Re1 Ng6 11. Nf1 Nh5 12. d4 c6 13. dxe5 dxe5 14. Qxd8 Rxd8 15. Be3 Bxe3 16. Nxe3 Nhf4 17. Bc2 Be6 18. Rad1 Rxd1 19. Rxd1 Bxa2 20. g3 Nxh3+ 21. Kg2 Be6 22. Nf5 Nf8 23. Kxh3 g6 24. g4 h5 25. Ne3 hxg4+ 26. Nxg4 Nd7 27. Kg3 Bxg4 28. Kxg4 Nf6+ 29. Kg5 Kg7 30. Nxe5 Re8 31. Ng4 Nxe4+ 32. Bxe4 Rxe4 33. Rd7 b5 34. f4 Re2 35. Ne5 Rg2+ 36. Kh4 Rxb2 37. Rxf7+ Kg8 38. Rc7 b4 39. cxb4 Rxb4 40. Kg5 Rd4 41. Nxg6 a5 42. Kh6 1-0

[Event "CZE-chT1E 1819"]
[Site "Czech Republic"]
[Date "2018.11.25"]
[Round "3.4"]
[White "Piza, Vlastimil"]
[Black "Michenka, Jozef"]
[Result "1/2-1/2"]
[WhiteElo "2236"]
[BlackElo "2278"]
[PlyCount "34"]
[EventDate "2018.10.21"]
[EventType "team-tourn"]
[EventRounds "11"]
[EventCountry "CZE"]
[SourceTitle "CBM 187 Extra"]
[Source "ChessBase"]
[SourceDate "2018.11.04"]
[SourceVersion "1"]
[SourceVersionDate "2018.11.04"]
[SourceQuality "1"]
[WhiteTeam "Gordic"]
[BlackTeam "Ostrava"]
[WhiteTeamCountry "CZE"]
[BlackTeamCountry "CZE"]

1. e4 c5 2. Nf3 d6 3. d4 cxd4 4. Nxd4 Nf6 5. Nc3 a6 6. f4 e5 7. Nf3 Qc7 8. a4 Be7 9. Bd3 exf4 10. Bxf4 Nc6 11. Qd2 Be6 12. 0-0 0-0 13. Kh1 Rfe8 14. Rae1 Ne5 15. Nd4 Rac8 16. Nf5 Bf8 17. Be3 Nfg4 1/2-1/2

[Event "CZE-chT1E 1718"]
[Site "Czech Republic"]
[Date "2018.04.15"]
[Round "11.4"]
[White "Roubalik, Jakub"]
[Black "Piza, Vlastimil"]
[Result "1/2-1/2"]
[WhiteElo "2394"]
[BlackElo "2255"]
[PlyCount "46"]
[EventDate "2017.10.22"]
[EventType "team-tourn"]
[EventRounds "11"]
[EventCountry "CZE"]
[SourceTitle "EXT 2019"]
[Source "ChessBase"]
[SourceDate "2018.10.10"]
[SourceVersion "1"]
[SourceVersionDate "2018.10.10"]
[SourceQuality "1"]
[WhiteTeam "Hostalkova"]
[BlackTeam "Gordic"]
[WhiteTeamCountry "CZE"]
[BlackTeamCountry "CZE"]

1. d4 Nf6 2. c4 g6 3. Nc3 Bg7 4. e4 d6 5. Nge2 0-0 6. Ng3 c5 7. d5 a6 8. a4 e6 9. Be2 exd5 10. cxd5 Nbd7 11. 0-0 Re8 12. Bf4 Ne5 13. Qd2 h5 14. Bg5 Qa5 15. f4 Ned7 16. f5 Qb4 17. fxg6 fxg6 18. e5 Rxe5 19. Rf4 Qb6 20. Nce4 Nh7 21. a5 Qc7 22. h4 Ndf8 23. Raf1 Bf5 1/2-1/2

[Event "CZE-chT1E 1718"]
[Site "Czech Republic"]
[Date "2017.10.22"]
[Round "1.4"]
[White "Piza, Vlastimil"]
[Black "Miturova, Magdalena"]
[Result "0-1"]
[WhiteElo "2255"]
[BlackElo "2198"]
[PlyCount "88"]
[EventDate "2017.10.22"]
[EventType "team-tourn"]
[EventRounds "11"]
[EventCountry "CZE"]
[SourceTitle "CBM 181 Extra"]
[Source "ChessBase"]
[SourceDate "2017.12.12"]
[SourceVersion "1"]
[SourceVersionDate "2017.12.12"]
[SourceQuality "1"]
[WhiteTeam "Gordic"]
[BlackTeam "Cesky Tesin"]
[WhiteTeamCountry "CZE"]
[BlackTeamCountry "CZE"]

1. e4 e5 2. Nf3 Nc6 3. Bb5 a6 4. Ba4 Nf6 5. 0-0 Be7 6. Bxc6 dxc6 7. d3 Nd7 8. Nbd2 0-0 9. Nc4 f6 10. Ne3 Nc5 11. Nf5 Ne6 12. Nxe7+ Qxe7 13. Be3 c5 14. Nd2 b6 15. g3 Bb7 16. a4 Rad8 17. Re1 Qf7 18. Qg4 Nd4 19. Bxd4 cxd4 20. b3 Kh8 21. f4 exf4 22. Qxf4 Qd7 23. Rf1 Rf7 24. Qf5 Qc6 25. Nc4 Rdf8 26. Rf2 Bc8 27. Qd5 Qxd5 28. exd5 Rd7 29. Re1 Rxd5 30. Re7 Bh3 31. Rxc7 Re8 32. Nd2 Re1+ 33. Rf1 Re2 34. Nf3 Rc5 35. Rxc5 bxc5 36. Re1 Rxe1+ 37. Nxe1 Bg4 38. Kf2 Bd1 39. a5 Kg8 40. c3 dxc3 41. Ke3 Bxb3 42. Nf3 Bd1 43. Ne1 Kf7 44. d4 c4 0-1

[Event "CZE-chT1E 1617"]
[Site "Czech Republic"]
[Date "2017.04.09"]
[Round "11.4"]
[White "Piza, Vlastimil"]
[Black "Langner, Ladislav"]
[Result "0-1"]
[WhiteElo "2275"]
[BlackElo "2372"]
[PlyCount "44"]
[EventDate "2016.10.16"]
[EventType "team-tourn"]
[EventRounds "11"]
[EventCountry "CZE"]
[SourceTitle "CBM 177 Extra"]
[Source "ChessBase"]
[SourceDate "2017.04.27"]
[SourceVersion "1"]
[SourceVersionDate "2017.04.27"]
[SourceQuality "1"]
[WhiteTeam "Jihlava Gordic"]
[BlackTeam "Trinec"]
[WhiteTeamCountry "CZE"]
[BlackTeamCountry "CZE"]

1. Nf3 Nf6 2. c4 g6 3. g3 Bg7 4. Bg2 0-0 5. 0-0 d5 6. cxd5 Nxd5 7. Nc3 c5 8. Nxd5 Qxd5 9. d3 Nc6 10. a3 Qd6 11. Rb1 Be6 12. Bf4 Qd7 13. Qd2 Bd5 14. Rfe1 Rfd8 15. Bh6 Bh8 16. Qf4 Nd4 17. Nxd4 Bxd4 18. Bxd5 Qxd5 19. Qg5 Qe6 20. Qc1 Qh3 21. Be3 Rd5 22. Bxd4 Rh5 0-1

[Event "CZE-chT1E 1617"]
[Site "Czech Republic"]
[Date "2017.03.26"]
[Round "10.3"]
[White "Piza, Vlastimil"]
[Black "Kalod, Radek"]
[Result "0-1"]
[WhiteElo "2275"]
[BlackElo "2479"]
[PlyCount "42"]
[EventDate "2016.10.16"]
[EventType "team-tourn"]
[EventRounds "11"]
[EventCountry "CZE"]
[SourceTitle "CBM 177 Extra"]
[Source "ChessBase"]
[SourceDate "2017.04.27"]
[SourceVersion "1"]
[SourceVersionDate "2017.04.27"]
[SourceQuality "1"]
[WhiteTeam "Jihlava Gordic"]
[BlackTeam "Brno Moravska Slavia"]
[WhiteTeamCountry "CZE"]
[BlackTeamCountry "CZE"]

1. e4 c5 2. Nf3 e6 3. d4 cxd4 4. Nxd4 a6 5. Nc3 b5 6. g3 Bb7 7. Bg2 Nf6 8. a3 d6 9. 0-0 Nbd7 10. h3 Qc7 11. g4 h6 12. Nde2 g5 13. f4 Be7 14. fxg5 hxg5 15. Be3 Ne5 16. Bxg5 Nexg4 17. hxg4 Qc5+ 18. Qd4 Qxg5 19. Qb6 Nd7 20. Qxb7 Qc5+ 21. Rf2 Ra7 0-1

[Event "CZE-chT1E 1617"]
[Site "Czech Republic"]
[Date "2017.02.19"]
[Round "8.2"]
[White "Piza, Vlastimil"]
[Black "Malik, Jan"]
[Result "1/2-1/2"]
[WhiteElo "2275"]
[BlackElo "2251"]
[PlyCount "72"]
[EventDate "2016.10.16"]
[EventType "team-tourn"]
[EventRounds "11"]
[EventCountry "CZE"]
[SourceTitle "CBM 177 Extra"]
[Source "ChessBase"]
[SourceDate "2017.04.27"]
[SourceVersion "1"]
[SourceVersionDate "2017.04.27"]
[SourceQuality "1"]
[WhiteTeam "Jihlava Gordic"]
[BlackTeam "Ostrava"]
[WhiteTeamCountry "CZE"]
[BlackTeamCountry "CZE"]

1. e4 c5 2. Nf3 d6 3. d4 cxd4 4. Nxd4 Nf6 5. Nc3 a6 6. f4 e5 7. Nf3 Qc7 8. Bd3 Be7 9. 0-0 Be6 10. Kh1 Nbd7 11. Qe1 0-0 12. fxe5 dxe5 13. Nh4 g6 14. Bg5 Rfe8 15. Nf3 Nh5 16. Bxe7 Rxe7 17. Ng5 Nf4 18. Qh4 Nf8 19. Nxe6 fxe6 20. Rf3 Nxd3 21. Rxd3 Rf7 22. Rad1 b5 23. a3 a5 24. R3d2 b4 25. axb4 axb4 26. Ne2 Ra2 27. c3 Qc4 28. h3 bxc3 29. Nxc3 Rf1+ 30. Rxf1 Qxf1+ 31. Kh2 Ra1 32. Qf2 Qh1+ 33. Kg3 Qc1 34. Kh2 Qh1+ 35. Kg3 Qc1 36. Kh2 Qh1+ 1/2-1/2

[Event "CZE-chT1E 1617"]
[Site "Czech Republic"]
[Date "2017.01.08"]
[Round "5.6"]
[White "Bures, Martin R"]
[Black "Piza, Vlastimil"]
[Result "0-1"]
[WhiteElo "2102"]
[BlackElo "2275"]
[PlyCount "58"]
[EventDate "2016.10.16"]
[EventType "team-tourn"]
[EventRounds "11"]
[EventCountry "CZE"]
[SourceTitle "CBM 177 Extra"]
[Source "ChessBase"]
[SourceDate "2017.04.27"]
[SourceVersion "1"]
[SourceVersionDate "2017.04.27"]
[SourceQuality "1"]
[WhiteTeam "Havirov Banik"]
[BlackTeam "Jihlava Gordic"]
[WhiteTeamCountry "CZE"]
[BlackTeamCountry "CZE"]

1. Nf3 Nf6 2. c4 g6 3. g3 Bg7 4. Bg2 0-0 5. 0-0 d6 6. d4 Nbd7 7. Nc3 e5 8. e4 h6 9. Qc2 Nh7 10. Rd1 Ng5 11. Be3 Nxf3+ 12. Bxf3 c6 13. c5 exd4 14. Bxd4 Bxd4 15. Rxd4 Qf6 16. Qd1 Ne5 17. Rxd6 Qxf3 18. Qxf3 Nxf3+ 19. Kg2 Ne5 20. f4 Nc4 21. Rd3 Nxb2 22. Rd4 Be6 23. Rb1 Nc4 24. Rxb7 Rfd8 25. Rxd8+ Rxd8 26. Rxa7 Rd2+ 27. Kg1 Rc2 28. Na4 Bh3 29. Nb6 Ne3 0-1

[Event "CZE-chT1E 1617"]
[Site "Czech Republic"]
[Date "2016.10.16"]
[Round "1.4"]
[White "Piza, Vlastimil"]
[Black "Roubalik, Jakub"]
[Result "1-0"]
[WhiteElo "2275"]
[BlackElo "2400"]
[PlyCount "103"]
[EventDate "2016.10.16"]
[EventType "team-tourn"]
[EventRounds "11"]
[EventCountry "CZE"]
[SourceTitle "CBM 175 Extra"]
[Source "ChessBase"]
[SourceDate "2016.12.12"]
[SourceVersion "1"]
[SourceVersionDate "2016.12.12"]
[SourceQuality "1"]
[WhiteTeam "Jihlava Gordic"]
[BlackTeam "Zlin"]
[WhiteTeamCountry "CZE"]
[BlackTeamCountry "CZE"]

1. e4 c5 2. Nf3 d6 3. d4 cxd4 4. Nxd4 Nf6 5. Nc3 a6 6. Be3 e5 7. Nb3 Be6 8. Qd2 Be7 9. f3 0-0 10. g4 b5 11. g5 Nh5 12. 0-0-0 Nd7 13. Nd5 Bxd5 14. exd5 f5 15. gxf6 Bxf6 16. Na5 Nf4 17. Nc6 Qc7 18. Bd3 Nb6 19. Bxf4 exf4 20. b3 Nxd5 21. Bxh7+ Kxh7 22. Qxd5 Rac8 23. Qd3+ Kh8 24. Nb4 Qa5 25. Nd5 Qxa2 26. Rhg1 Qb2+ 27. Kd2 Rfe8 28. Rde1 Re3 29. Rxe3 fxe3+ 30. Nxe3 Bd4 31. Rc1 Be5 32. Nd5 Rc5 33. Rd1 a5 34. f4 Rxd5 35. Qxd5 Bxf4+ 36. Kd3 Qe5 37. Qa8+ Kh7 38. Qe4+ Kg8 39. Qxe5 Bxe5 40. h3 Kf7 41. Ke4 a4 42. bxa4 bxa4 43. Rd5 Ke6 44. Ra5 Bc3 45. Rxa4 d5+ 46. Kf4 Bd2+ 47. Kg4 Be3 48. Ra3 Bd4 49. Kg5 Bf6+ 50. Kg6 d4 51. Ra6+ Ke5 52. Rxf6 1-0

[Event "CZE-chT2E 1516"]
[Site "Czech Republic"]
[Date "2015.12.06"]
[Round "4.1"]
[White "Cip, Dalibor"]
[Black "Piza, Vlastimil"]
[Result "0-1"]
[WhiteElo "2125"]
[BlackElo "2273"]
[PlyCount "68"]
[EventDate "2015.10.18"]
[EventType "team-tourn"]
[EventRounds "11"]
[EventCountry "CZE"]
[SourceTitle "EXT 2022"]
[Source "ChessBase"]
[SourceDate "2021.10.06"]
[SourceVersion "1"]
[SourceVersionDate "2021.10.06"]
[SourceQuality "1"]
[WhiteTeam "Orechov"]
[BlackTeam "Jihlava Gordic"]
[WhiteTeamCountry "CZE"]
[BlackTeamCountry "CZE"]

1. d4 d6 2. c4 Nf6 3. Nc3 g6 4. e4 Bg7 5. f4 c5 6. d5 Na6 7. Nf3 0-0 8. Bd3 Nc7 9. 0-0 a6 10. a4 Rb8 11. Qe1 b5 12. axb5 axb5 13. cxb5 Bd7 14. f5 Nxb5 15. Qh4 Nd4 16. Nd2 Rb4 17. g4 gxf5 18. exf5 Nf3+ 19. Nxf3 Rxg4+ 20. Kh1 Rxh4 21. Nxh4 Qb6 22. Rg1 Kh8 23. Nf3 Qb7 24. Rd1 e6 25. Ba6 Qb6 26. dxe6 fxe6 27. Be2 Bc6 28. fxe6 Qb7 29. Rf1 Ng4 30. Kg2 Ne5 31. e7 Qxe7 32. Kg3 Nxf3 33. Bxf3 Be5+ 34. Kg2 Qg7+ 0-1

[Event "Kesarovski Georgiev Memorial 14th"]
[Site "Sunny Beach"]
[Date "2015.09.11"]
[Round "7"]
[White "Piza, Vlastimil"]
[Black "Golubka, Petr"]
[Result "0-1"]
[WhiteElo "2298"]
[BlackElo "2413"]
[PlyCount "74"]
[EventDate "2015.09.05"]
[EventType "swiss"]
[EventRounds "9"]
[EventCountry "BUL"]
[SourceTitle "EXT 2016"]
[Source "ChessBase"]
[SourceDate "2015.10.08"]
[SourceVersion "1"]
[SourceVersionDate "2015.10.08"]
[SourceQuality "1"]

1. d4 d5 2. c4 e6 3. Nf3 c5 4. cxd5 exd5 5. g3 Nc6 6. Bg2 Nf6 7. 0-0 Be7 8. Nc3 0-0 9. Bg5 cxd4 10. Nxd4 h6 11. Be3 Re8 12. Nxc6 bxc6 13. Na4 Qa5 14. Rc1 Bg4 15. f3 Bf5 16. Bc5 Bd8 17. a3 Qa6 18. Rf2 Nd7 19. Bd4 Bg5 20. Rc3 Rac8 21. Bf1 Qb7 22. b4 a5 23. bxa5 Ra8 24. e4 dxe4 25. a6 Qc7 26. fxe4 Bxe4 27. Bc4 Bf6 28. Bxf6 Nxf6 29. Nc5 Bg6 30. Rc1 Nh7 31. Rb2 Qe5 32. Na4 Qe3+ 33. Kh1 Rad8 34. Qe1 Qxa3 35. Qc3 Qxa4 36. Ra2 Qxa2 37. Bxa2 Re7 0-1

[Event "Kesarovski Georgiev Memorial 14th"]
[Site "Sunny Beach"]
[Date "2015.09.06"]
[Round "2"]
[White "Galunova, Tsveta"]
[Black "Piza, Vlastimil"]
[Result "0-1"]
[WhiteElo "2151"]
[BlackElo "2298"]
[PlyCount "70"]
[EventDate "2015.09.05"]
[EventType "swiss"]
[EventRounds "9"]
[EventCountry "BUL"]
[SourceTitle "EXT 2016"]
[Source "ChessBase"]
[SourceDate "2015.10.08"]
[SourceVersion "1"]
[SourceVersionDate "2015.10.08"]
[SourceQuality "1"]

1. d4 d6 2. e4 Nf6 3. f3 g6 4. c4 Bg7 5. Nc3 0-0 6. Nge2 Nbd7 7. Be3 e5 8. Qd2 a6 9. d5 Rb8 10. g4 b5 11. cxb5 axb5 12. b4 Nb6 13. Nc1 Bd7 14. Rb1 c6 15. g5 Nh5 16. Be2 Nf4 17. Rg1 f6 18. h4 fxg5 19. hxg5 cxd5 20. Nxd5 Nbxd5 21. exd5 Qc7 22. Rb3 Rbc8 23. Ra3 Ra8 24. Rb3 Qb7 25. Bd1 Nxd5 26. Rd3 Nxe3 27. Qxe3 Bc6 28. Nb3 e4 29. Rxd6 exf3 30. Rf1 Rae8 31. Re6 Qc8 32. Nc5 Bd5 33. Rxf3 Rxe6 34. Rxf8+ Bxf8 35. Nxe6 Qxe6 0-1

[Event "Kesarovski Georgiev Memorial 14th"]
[Site "Sunny Beach"]
[Date "2015.09.05"]
[Round "1"]
[White "Piza, Vlastimil"]
[Black "Dastan, Batuhan Muhammed"]
[Result "0-1"]
[WhiteElo "2298"]
[BlackElo "2454"]
[PlyCount "54"]
[EventDate "2015.09.05"]
[EventType "swiss"]
[EventRounds "9"]
[EventCountry "BUL"]
[SourceTitle "EXT 2016"]
[Source "ChessBase"]
[SourceDate "2015.10.08"]
[SourceVersion "1"]
[SourceVersionDate "2015.10.08"]
[SourceQuality "1"]

1. Nf3 d5 2. c4 c6 3. b3 Nf6 4. g3 dxc4 5. bxc4 e5 6. Nc3 e4 7. Ng5 Ng4 8. Ngxe4 f5 9. f3 fxe4 10. fxg4 e3 11. d3 Bc5 12. Qb3 Na6 13. Bb2 Bd4 14. Ne4 Nc5 15. Qa3 Nxe4 16. dxe4 Bxb2 17. Qxb2 Qa5+ 18. Kd1 Bxg4 19. Kc2 0-0-0 20. Qc3 Rd2+ 21. Kb3 Qb6+ 22. Ka3 Qc5+ 23. Qb4 Qxb4+ 24. Kxb4 Rhd8 25. a4 c5+ 26. Kxc5 Rb2 27. h3 Kc7 0-1

[Event "CZE-chT2C 1314"]
[Site "Czech Republic"]
[Date "2014.02.16"]
[Round "8.1"]
[White "Piza, Vlastimil"]
[Black "Spacek, Petr"]
[Result "0-1"]
[WhiteElo "2244"]
[BlackElo "2398"]
[PlyCount "40"]
[EventDate "2013.11.03"]
[EventType "team-tourn"]
[EventRounds "11"]
[EventCountry "CZE"]
[SourceTitle "EXT 2015"]
[Source "ChessBase"]
[SourceDate "2014.11.20"]
[SourceVersion "1"]
[SourceVersionDate "2014.11.20"]
[SourceQuality "1"]
[WhiteTeam "Jihlava Gordic"]
[BlackTeam "Lysa nad Labem III"]
[WhiteTeamCountry "CZE"]
[BlackTeamCountry "CZE"]

1. e4 d6 2. d4 Nf6 3. Nc3 e5 4. Nf3 Nbd7 5. Bc4 Be7 6. 0-0 0-0 7. a4 a5 8. h3 c6 9. Ba2 Qc7 10. Be3 exd4 11. Nxd4 Nc5 12. Qf3 Be6 13. Nf5 Bxa2 14. Rxa2 Ne6 15. Rd1 Rfe8 16. Qg3 Rad8 17. Bf4 Nh5 18. Nxe7+ Qxe7 19. Bxd6 Nxg3 20. Bxe7 Ne2+ 0-1

[Event "CZE-chT2C 1314"]
[Site "Czech Republic"]
[Date "2014.01.19"]
[Round "6.1"]
[White "Piza, Vlastimil"]
[Black "Fajman, Petr"]
[Result "0-1"]
[WhiteElo "2244"]
[BlackElo "2267"]
[PlyCount "134"]
[EventDate "2013.11.03"]
[EventType "team-tourn"]
[EventRounds "11"]
[EventCountry "CZE"]
[SourceTitle "EXT 2015"]
[Source "ChessBase"]
[SourceDate "2014.11.20"]
[SourceVersion "1"]
[SourceVersionDate "2014.11.20"]
[SourceQuality "1"]
[WhiteTeam "Jihlava Gordic"]
[BlackTeam "Praha Dukla"]
[WhiteTeamCountry "CZE"]
[BlackTeamCountry "CZE"]

1. e4 c5 2. Nf3 d6 3. d4 cxd4 4. Nxd4 Nf6 5. Nc3 a6 6. f4 e6 7. Qf3 Qb6 8. a3 Nc6 9. Nb3 Be7 10. Bd3 Qc7 11. 0-0 0-0 12. g4 g6 13. g5 Ne8 14. Qh3 f6 15. gxf6 Bxf6 16. Bd2 Bg7 17. Rae1 Nf6 18. Qg2 Kh8 19. Re3 Bd7 20. Rh3 e5 21. f5 gxf5 22. exf5 Ne7 23. Rg3 Rg8 24. Qh3 d5 25. Qh4 e4 26. Bh6 Raf8 27. Bxg7+ Rxg7 28. Rxg7 Kxg7 29. Be2 Qe5 30. Kh1 Kh8 31. Qh6 Rg8 32. Nc5 Bc6 33. Qf4 Qxf4 34. Rxf4 d4 35. N3xe4 b6 36. Bf3 Nfd5 37. Rh4 bxc5 38. Nd6 Rf8 39. Be4 Nf6 40. Bxc6 Nxc6 41. Rh3 Nd7 42. Rh5 Nce5 43. b4 c4 44. Rh4 d3 45. cxd3 cxd3 46. Kg2 Rg8+ 47. Kf1 Rg4 48. Rxg4 Nxg4 49. h3 Ne3+ 50. Ke1 Ne5 51. Kd2 N3c4+ 52. Nxc4 Nxc4+ 53. Kxd3 Nxa3 54. Kd4 Kg7 55. Kc5 Nc2 56. b5 axb5 57. Kxb5 Kf6 58. Kc4 Kxf5 59. Kd3 Nb4+ 60. Ke3 Kg5 61. Kf3 Kh4 62. Kg2 Nd5 63. Kh2 Nf4 64. Kh1 Kxh3 65. Kg1 Kg3 66. Kh1 Nd3 67. Kg1 Nf2 0-1

[Event "CZE-chT2C 1314"]
[Site "Czech Republic"]
[Date "2014.01.05"]
[Round "5.1"]
[White "Simek, Petr1111"]
[Black "Piza, Vlastimil"]
[Result "0-1"]
[WhiteElo "2392"]
[BlackElo "2244"]
[PlyCount "98"]
[EventDate "2013.11.03"]
[EventType "team-tourn"]
[EventRounds "11"]
[EventCountry "CZE"]
[SourceTitle "EXT 2015"]
[Source "ChessBase"]
[SourceDate "2014.11.20"]
[SourceVersion "1"]
[SourceVersionDate "2014.11.20"]
[SourceQuality "1"]
[WhiteTeam "Praha Kobylisy"]
[BlackTeam "Jihlava Gordic"]
[WhiteTeamCountry "CZE"]
[BlackTeamCountry "CZE"]

1. Nf3 c5 2. c4 Nc6 3. Nc3 g6 4. d3 Bg7 5. Bd2 e6 6. g3 Nge7 7. Bg2 0-0 8. 0-0 h6 9. Rb1 d5 10. a3 a5 11. cxd5 exd5 12. Qc1 Kh7 13. Bf4 g5 14. Bd2 Be6 15. Qd1 b6 16. Na4 Ra6 17. b4 axb4 18. axb4 Qa8 19. Nc3 Nxb4 20. Nb5 g4 21. Nfd4 Bd7 22. Nc7 Qb7 23. Nxa6 Nxa6 24. Nb5 Be6 25. Qb3 Qd7 26. Na3 Nc8 27. Qb5 Qa7 28. Qa4 Rd8 29. Nb5 Qb7 30. Rfc1 Ne7 31. d4 Ra8 32. Qc2+ Bf5 33. e4 Bg6 34. Re1 Nc6 35. dxc5 Nxc5 36. Nd6 Qd7 37. Bf4 Nd4 38. Qd1 dxe4 39. Rxb6 Nf3+ 40. Bxf3 gxf3 41. Nxe4 Qh3 42. Nf6+ Bxf6 43. Qxf3 Be4 44. Rxf6 Bxf3 45. Rxh6+ Qxh6 46. Bxh6 Kxh6 47. h3 Nd3 48. Rf1 Ra2 49. g4 Kg5 0-1

[Event "CZE-chT2C 1314"]
[Site "Czech Republic"]
[Date "2013.11.03"]
[Round "1.1"]
[White "Borkovec, Milan"]
[Black "Piza, Vlastimil"]
[Result "1/2-1/2"]
[WhiteElo "2208"]
[BlackElo "2244"]
[PlyCount "56"]
[EventDate "2013.11.03"]
[EventType "team-tourn"]
[EventRounds "11"]
[EventCountry "CZE"]
[SourceTitle "EXT 2015"]
[Source "ChessBase"]
[SourceDate "2014.11.20"]
[SourceVersion "1"]
[SourceVersionDate "2014.11.20"]
[SourceQuality "1"]
[WhiteTeam "Tabor"]
[BlackTeam "Jihlava Gordic"]
[WhiteTeamCountry "CZE"]
[BlackTeamCountry "CZE"]

1. e4 c5 2. Nf3 a6 3. c3 Nf6 4. e5 Nd5 5. d4 cxd4 6. cxd4 g6 7. Nc3 Nxc3 8. bxc3 Bg7 9. Bf4 0-0 10. Qd2 d6 11. Be2 Nc6 12. exd6 exd6 13. 0-0 Re8 14. Rfe1 Na5 15. Bd3 Rxe1+ 16. Rxe1 Be6 17. Ng5 Bc4 18. Ne4 d5 19. Nd6 Bxd3 20. Qxd3 Qd7 21. Qe3 Nc4 22. Nxc4 dxc4 23. h4 h5 24. Bg5 b5 25. Qe7 Qxe7 26. Rxe7 b4 27. Rc7 bxc3 28. Rxc4 Rb8 1/2-1/2

[Event "Nachod op 11th"]
[Site "Nachod"]
[Date "2013.07.05"]
[Round "7"]
[White "Stepan, Michal"]
[Black "Piza, Vlastimil"]
[Result "1-0"]
[WhiteElo "2093"]
[BlackElo "2264"]
[PlyCount "70"]
[EventDate "2013.06.29"]
[EventType "swiss"]
[EventRounds "9"]
[EventCountry "CZE"]
[SourceTitle "CBM 155 Extra"]
[Source "ChessBase"]
[SourceDate "2013.08.26"]
[SourceVersion "1"]
[SourceVersionDate "2013.08.26"]
[SourceQuality "1"]

1. d4 Nf6 2. Nf3 g6 3. c4 Bg7 4. Nc3 0-0 5. e4 d6 6. Be2 Na6 7. Bg5 c6 8. 0-0 Nc7 9. Qc2 Ne6 10. Bc1 c5 11. d5 Nd4 12. Nxd4 cxd4 13. Nb5 Qb6 14. b4 Nd7 15. Rb1 a6 16. Na3 Qc7 17. Bb2 e5 18. dxe6 fxe6 19. f4 e5 20. f5 Qb6 21. Qb3 Kh8 22. Bd3 gxf5 23. exf5 a5 24. Nb5 axb4 25. Qd1 Bf6 26. Qh5 Nc5 27. Rf3 Qd8 28. Re1 Rxa2 29. Bc1 Ra1 30. g4 Rg8 31. Rh3 Rg7 32. Nxd6 Qg8 33. Ne8 Rxg4+ 34. Kh1 Rxc1 35. Rxc1 Rg5 1-0